[Event "SVK Amateur-ch 2020"]
[Site "Topolcany"]
[Date "2020.07.13"]
[Round "7.5"]
[White "Kalisky, Vladimir"]
[Black "Pniaczek, Marek"]
[Result "0-1"]
[WhiteElo "2128"]
[BlackElo "2102"]
[Annotator "TA"]
[PlyCount "86"]
[EventDate "2020.07.10"]
[EventType "swiss"]
[EventCountry "SVK"]
[SourceTitle "playchess.com"]
[Source "ChessBase"]
[SourceQuality "1"]

{[%evp 19,86,0,27,7,13,11,0,-54,-55,-64,-35,-45,15,0,22,0,0,-67,63,52,117,96,127,140,128,75,62,-25,-8,-57,116,124,110,104,90,0,132,121,237,88,78,72,140,97,139,127,135,0,94,64,67,-34,54,-701,-679,-1322,-1362,-1357,-1331,-29988,-29989,-29989,-29990,-29990,-29991,-29993,-29994,-29997,-29995]} 1. c4 Nf6 2. Nc3 g6 3. d4 Bg7 4. e4 d6 5. g3 O-O 6. Bg2 e5 7. d5 a5 8. Nge2 Na6 9. O-O Nc5 10. h3 Bd7 11. Be3 {E72: King's Indian: 4 e4 d6 5 g3.} Ne8 {[#]} 12. f4 $146 ({Predecessor:} 12. Qd2 f5 13. exf5 gxf5 14. f4 e4 15. Bd4 Qe7 16. Nd1 Nf6 17. Nf2 Rfe8 18. Qe3 {½-½ (63) Short,P (2298)-Mudrak,J (2387) Limerick 2004}) 12... exf4 13. gxf4 (13. Nxf4 $11 Be5 14. Qd2) 13... b6 $15 14. f5 Qe7 15. Qd2 Nf6 (15... Be5 $15) 16. Ng3 $1 $11 Ne8 17. Rae1 Be5 18. Nge2 (18. Rf3 $11) 18... Bf6 (18... Ng7 $1 $15) 19. Nd4 $1 $14 Na4 (19... Be5 $14) 20. Nd1 Ng7 21. Nf2 h5 22. Nd3 (22. a3 $142) 22... Nc5 $16 23. Nxc5 (23. Nf4 $14) 23... bxc5 $11 24. Nf3 Rfb8 $2 (24... Qxe4 $15 {keeps the upper hand.} 25. Nd4 Qxe3+ $3 {[%mdl 512]} 26. Rxe3 Bxd4) 25. e5 $16 dxe5 {Threatens to win with ...e4.} 26. fxg6 fxg6 {[#]} 27. Ng5 (27. Bf4 $1 $16 {[%mdl 512]}) 27... Ra6 (27... Nf5 $11 {keeps the balance.} 28. Ne4 Bh4) 28. Ne4 {And now d6! would win.} Bh4 (28... Nf5 $16 {was called for.}) 29. Re2 ({Less strong is} 29. Nxc5 Bxe1 30. Qxe1 Rd6 $16) (29. Bxc5 $18 {is the precise move to win.} Qd8 30. Rf8+ Qxf8 31. Bxf8 Bxe1 32. Qxe1 Kxf8 33. Qf2+ Kg8 34. Nf6+ Rxf6 35. Qxf6 {[%mdl 64] Double Attack}) 29... Nf5 30. Bxc5 Qf7 (30... Qg7 $142) 31. b3 Rd8 32. Be3 Qe7 {[#]} 33. Bc5 (33. Bf2 $1 $16) 33... Qg7 (33... Qf7 $11 {remains equal.}) 34. Rd1 g5 35. Bf2 (35. d6 $1 $14 Bc8 36. Bf2) 35... g4 (35... Rg6 $1 $15) 36. Nc5 $2 {[%mdl 8192] [#] Now White is beyond hope.} (36. d6 $14 cxd6 37. hxg4 hxg4 38. Qd5+ Kh8 39. Bxh4 {[%mdl 64] Overworked Piece} Nxh4 40. Nxd6 Nf3+ 41. Kf1) 36... gxh3 $3 $19 {[%csl Gh3][%cal Rg7g2][%mdl 576] Pin} 37. Be3 Rg6 {[%mdl 64] Pin} 38. Nxd7 Rxd7 39. Rf1 Nxe3 {Black mates.} 40. Qxe3 Rxg2+ 41. Kh1 Qg4 42. Rf3 Rg7 43. Qxe5 Qxf3 {Accuracy: White = 39%, Black = 45%.} 0-1

[Event "SVK Amateur-ch 2020"]
[Site "Topolcany"]
[Date "2020.07.13"]
[Round "7.5"]
[White "Juan Mas, Santiago"]
[Black "Kovarikova, Maria"]
[Result "1-0"]
[WhiteElo "1983"]
[BlackElo "1844"]
[Annotator "ChessBase"]
[PlyCount "35"]
[EventDate "2020.07.10"]
[EventType "swiss"]
[EventCountry "SVK"]
[SourceTitle "playchess.com"]
[Source "ChessBase"]
[SourceQuality "1"]
[TimeControl "3600+30"]

1. e4 {[%emt 0:00:00]} c5 {[%emt 0:00:00]} 2. Nf3 {[%emt 0:00:00]} e6 {[%emt 0:00:00]} 3. d3 {[%emt 0:01:59]} Nc6 {[%emt 0:00:09]} 4. g3 {[%emt 0:00:08]} d5 {[%emt 0:01:41]} 5. Nbd2 {[%emt 0:00:08]} Bd6 {[%emt 0:01:35]} 6. Bg2 {[%emt 0:00:24]} Nge7 {[%emt 0:00:43]} 7. O-O {[%emt 0:00:32]} Bd7 {[%emt 0:05:12]} 8. Re1 {[%emt 0:00:33]} Qc7 {[%emt 0:02:29]} 9. exd5 {[%emt 0:11:43]} exd5 {[%emt 0:07:10]} 10. c4 {[%emt 0:00:48]} O-O-O {[%emt 0:01:07]} 11. cxd5 {[%emt 0:01:32]} Nb4 {[%emt 0:09:39]} 12. Nc4 {[%emt 0:01:38]} Nbxd5 {[%emt 0:06:24]} 13. Ng5 {[%emt 0:04:23]} Rdf8 {[%emt 0:02:31]} 14. Ne4 {[%emt 0:01:03]} Kb8 {[%emt 0:10:14]} 15. Nexd6 {[%emt 0:02:20]} f5 {[%emt 0:04:08]} 16. Rxe7 {[%emt 0:02:14]} Nxe7 {[%emt 0:00:24]} 17. Bf4 {[%emt 0:00:06]} Ng6 {[%emt 0:02:36]} 18. Nb5 {[%emt 0:00:45]} 1-0

[Event "SVK Amateur-ch 2020"]
[Site "Topolcany"]
[Date "2020.07.13"]
[Round "7.6"]
[White "Takacs, Laszlo"]
[Black "Wisniewski, Michal"]
[Result "1/2-1/2"]
[WhiteElo "2185"]
[BlackElo "2127"]
[Annotator "TA"]
[PlyCount "96"]
[EventDate "2020.07.10"]
[EventType "swiss"]
[EventCountry "SVK"]
[SourceTitle "playchess.com"]
[Source "ChessBase"]
[SourceQuality "1"]

{[%evp 21,96,33,65,45,33,38,61,-41,-52,-46,-50,-77,-80,-87,-87,-87,-72,-94,0,0,0,0,219,217,211,205,229,223,246,243,237,241,415,415,390,186,247,243,246,150,253,246,377,117,98,113,121,93,89,8,8,8,8,8,8,0,8,8,8,8,8,8,8,8,8,8,8,8,8,8,8,8,8,8,8,0,0]} 1. e4 c5 2. Nf3 d6 3. d4 cxd4 4. Nxd4 Nf6 5. Nc3 a6 6. Be3 Ng4 7. Bg5 h6 8. Bh4 g5 9. Bg3 Bg7 10. Qd2 Nc6 11. Nb3 Be6 12. O-O-O {B90: Sicilian Najdorf: Unusual White 6th moves, 6 Be3 Ng4 and 6 Be3 e5.} Rc8 13. Kb1 Nb4 {[#]} 14. a3 $146 ({Better is} 14. f3 $14 Ne5 15. a3) ({Predecessor:} 14. f3 Ne5 15. a3 Nbc6 16. Nd5 b5 17. Bxe5 Nxe5 18. Nd4 Nc4 19. Bxc4 Rxc4 20. Nf5 Bxf5 21. exf5 O-O 22. Rhe1 Be5 23. c3 Re8 24. g3 Qd7 25. Rxe5 {1-0 (25) Darini,P (2479)-Khalafova,N (2114) Nakhchivan 2015}) 14... Bxc3 $1 $15 15. bxc3 Nc6 16. f3 Nge5 17. h4 Rg8 18. hxg5 hxg5 19. Rh6 Na5 (19... f6 $17) 20. Bxe5 $1 $11 Nxb3 21. cxb3 Bxb3 $2 (21... dxe5 $11 22. Qc2 Qb6) 22. Bd4 $18 Bxd1 23. Qxd1 e5 24. Be3 Rxc3 25. Rxd6 Qc7 26. Bb6 Rc1+ $2 (26... Rb3+ 27. Qxb3 Qxd6) 27. Qxc1 Qxd6 28. Ba5 (28. Qc8+ $142 Ke7 29. Qxb7+ {[%mdl 64] Double Attack} (29. Qxg8 Qd1+ 30. Kb2 Qd2+ 31. Ka1 Qc1+ {[%mdl 64] Double Attack} 32. Ka2 Qc2+ 33. Ka1 Qc1+ {[%mdl 64] Double Attack} 34. Ka2 Qc2+ 35. Ka1 Qc1+ $11 {[%mdl 64] Double Attack}) 29... Kf6 30. Bc4 $1 {[%mdl 512]} (30. Qxa6 $2 Rb8 $19)) 28... Qd7 (28... Kd7 $142 29. Bb4 Qb6 30. Qd2+ Kc8 31. Qc3+ Qc7) 29. Bc4 Rg6 30. Qc3 f6 (30... Qd4 $16 {keeps fighting.}) 31. Qb3 Rh6 {[#]} (31... Rg7 {was necessary.} 32. a4 Qd4) 32. Bd5 $2 (32. Bxa6 $1 $18 {[%mdl 512] and the rest is easy.} Kf8 (32... bxa6 33. Qg8+) 33. Bxb7) 32... Rh1+ $16 33. Kb2 Rh2 34. Qxb7 Rxg2+ {[#]} 35. Kb3 (35. Kc1 $1 $16 {Threatening mate with Qb8+.} Qxb7 36. Bxb7) 35... Qxb7+ $11 {The position is equal.} 36. Bxb7 Rf2 37. Bxa6 Rxf3+ 38. Kb4 {Bb6 is the strong threat.} g4 39. Bb5+ Ke7 {And now ...Re3 would win.} 40. Bb6 g3 41. a4 {[%cal Ba3a4,Ba4a5,Ba5a6,Ba6a7][%mdl 32]} g2 {Strongly threatening ...Rf1.} 42. a5 $1 {[%cal Ra5a6]} Rf1 $1 {[%cal Rf1b1] Threatens to win with ...Rb1+.} 43. a6 Rb1+ 44. Ka5 g1=Q 45. Bxg1 Rxg1 46. a7 Rg8 47. Kb6 f5 48. exf5 e4 {Blacks defense is rewarded with a draw. Accuracy: White = 62%, Black = 71%.} 1/2-1/2

[Event "SVK Amateur-ch 2020"]
[Site "Topolcany"]
[Date "2020.07.13"]
[Round "7.6"]
[White "Szocs, Ladislav"]
[Black "Chlpek, Daniel"]
[Result "1/2-1/2"]
[WhiteElo "1791"]
[BlackElo "1982"]
[Annotator "ChessBase"]
[PlyCount "20"]
[EventDate "2020.07.10"]
[EventType "swiss"]
[EventCountry "SVK"]
[SourceTitle "playchess.com"]
[Source "ChessBase"]
[SourceQuality "1"]
[TimeControl "3600+30"]

1. Nf3 {[%emt 0:00:30]} d5 {[%emt 0:05:18]} 2. g3 {[%emt 0:00:00]} Bg4 {[%emt 0:00:05]} 3. Ne5 {[%emt 0:00:37]} Bf5 {[%emt 0:00:07]} 4. Bg2 {[%emt 0:00:22]} c6 {[%emt 0:00:04]} 5. O-O {[%emt 0:00:41]} Nf6 {[%emt 0:00:04]} 6. d4 {[%emt 0:00:50]} e6 {[%emt 0:00:05]} 7. c4 {[%emt 0:01:13]} Be7 {[%emt 0:00:12]} 8. Nc3 {[%emt 0:00:38]} Nbd7 {[%emt 0:00:07]} 9. Qb3 {[%emt 0:03:00]} Qb6 {[%emt 0:00:12]} 10. c5 {[%emt 0:07:26]} Qxb3 {[%emt 0:00:07]} 1/2-1/2

[Event "SVK Amateur-ch 2020"]
[Site "Topolcany"]
[Date "2020.07.13"]
[Round "7.7"]
[White "Fenik, Jozef ml."]
[Black "Iolis, Oleg"]
[Result "1/2-1/2"]
[WhiteElo "2100"]
[BlackElo "2166"]
[Annotator "TA"]
[PlyCount "83"]
[EventDate "2020.07.10"]
[EventType "swiss"]
[EventCountry "SVK"]
[SourceTitle "playchess.com"]
[Source "ChessBase"]
[SourceQuality "1"]

{[%evp 14,83,38,33,16,37,65,53,57,41,61,69,97,88,83,71,111,37,42,-24,-4,0,0,-9,-4,-8,-12,-19,97,83,86,64,157,160,154,145,135,128,193,197,193,129,145,138,320,300,256,152,154,66,71,75,229,233,235,63,68,0,9,0,0,0,0,0,0,0,0,0,0,0,0,0]} 1. e4 c5 2. Nf3 d6 3. d4 cxd4 4. Nxd4 Nf6 5. Nc3 a6 6. h3 e6 7. g4 h6 {7...Be7 is a critical line. Played by Jan Krzysztof Duda in February 2020.} 8. Bg2 Be7 {B81: Sicilian Scheveningen: Keres Attack.} 9. Be3 Qc7 10. Qe2 Nc6 {White is slightly better.} 11. O-O-O (11. f4 {seems wilder.} Bd7 12. O-O-O Rc8 13. Kb1 b5 14. Nb3) 11... Bd7 12. f4 Nxd4 13. Bxd4 e5 14. Be3 Bc6 {[#]} 15. f5 $146 (15. Kb1 $16) ({Predecessor:} 15. Qf2 Nd7 16. Nd5 Bxd5 17. Rxd5 Qc4 18. Kb1 Nf6 19. Rd3 Nxe4 20. Bxe4 Qxe4 21. Re1 {0-1 (58) Bruaset,E (2124)-Godzwon,I (2322) Lisbon 2019}) 15... b5 $1 $14 {[%cal Bb7b5,Bb5b4][%mdl 32]} 16. h4 (16. Kb1 $14) 16... b4 $11 17. Nd5 Nxd5 18. exd5 Bb5 19. Qf3 $1 a5 20. Kb1 Qb7 (20... a4 $11 {remains equal.}) 21. g5 $16 Qa6 22. Bf1 h5 (22... Bxf1 $14 23. Rdxf1 Rc8) 23. f6 $1 {[%cal Rf6g7]} gxf6 24. gxf6 Bf8 25. Bh3 Bd7 (25... a4 $16 {keeps fighting.}) 26. Bxd7+ $18 Kxd7 27. Qf5+ ({White should try} 27. Rhg1 $18) 27... Kc7 28. c4 Bh6 $2 (28... Rd8 $16 29. Rd2 a4) 29. Bxh6 Rxh6 {[#]} 30. Rhg1 (30. c5 $1 $18 {[%mdl 512] Threatens to win with Rc1.} Rhh8 (30... dxc5 31. d6+) 31. Rc1) 30... Qc8 $16 31. Qf2 ({Better is} 31. Qf3 $16) 31... Kb7 $1 $14 32. Rg7 Qc7 $2 {[#]} (32... Qd7 $16) 33. c5 $1 $18 {[%cal Rc5c6][%mdl 512]} Qxc5 34. Rxf7+ $2 ({White has to play} 34. Qxc5 $18 dxc5 35. Rxf7+ Kb6 36. Rf1) 34... Kb6 $1 $14 35. Qd2 (35. Qc2 $14) 35... Rc8 $11 {The position is equal.} 36. Rf1 Qc4 37. Qf2+ Rc5 $1 38. Rf8 Kb7 39. Rf7+ ({Don't go for} 39. f7 $2 Rf6 $1 $19 {[%mdl 512]}) 39... Kb6 40. Rf8 Kb7 41. Rf7+ ({Wrong is} 41. f7 $2 {[#]} Rf6 $1 $19 {[%mdl 512]}) 41... Kb6 42. Rf8 {Black defended with fortune. Accuracy: White = 67%, Black = 65%.} 1/2-1/2

[Event "SVK Amateur-ch 2020"]
[Site "Topolcany"]
[Date "2020.07.13"]
[Round "7.7"]
[White "Meszarosova, Eva"]
[Black "Pasztor, Ladislav"]
[Result "1-0"]
[WhiteElo "1976"]
[BlackElo "1799"]
[Annotator "ChessBase"]
[PlyCount "83"]
[EventDate "2020.07.10"]
[EventType "swiss"]
[EventCountry "SVK"]
[SourceTitle "playchess.com"]
[Source "ChessBase"]
[SourceQuality "1"]
[TimeControl "3600+30"]

1. e4 {[%emt 0:00:00]} c5 {[%emt 0:00:00]} 2. Nf3 {[%emt 0:00:00]} d6 {[%emt 0:00:00]} 3. d4 {[%emt 0:00:00]} cxd4 {[%emt 0:00:00]} 4. Nxd4 {[%emt 0:00:04]} Nf6 {[%emt 0:00:03]} 5. Nc3 {[%emt 0:00:07]} a6 {[%emt 0:00:07]} 6. Be3 {[%emt 0:00:12]} e6 {[%emt 0:03:18]} 7. f3 {[%emt 0:00:11]} Be7 {[%emt 0:02:52]} 8. Qd2 {[%emt 0:00:11]} Bd7 {[%emt 0:05:02]} 9. O-O-O {[%emt 0:00:23]} Qc7 {[%emt 0:00:50]} 10. g4 {[%emt 0:01:15]} h6 {[%emt 0:02:52]} 11. Bd3 {[%emt 0:01:41]} Nc6 {[%emt 0:06:38]} 12. h4 {[%emt 0:01:59]} O-O-O {[%emt 0:02:01]} 13. Qf2 {[%emt 0:01:43]} Rdg8 {[%emt 0:02:03]} 14. Kb1 {[%emt 0:04:20]} Ne5 {[%emt 0:03:07]} 15. Qe2 {[%emt 0:02:28]} Kb8 {[%emt 0:03:25]} 16. g5 {[%emt 0:09:50]} hxg5 {[%emt 0:07:26]} 17. hxg5 {[%emt 0:00:08]} Ne8 {[%emt 0:00:20]} 18. f4 {[%emt 0:00:22]} Nxd3 {[%emt 0:00:14]} 19. Qxd3 {[%emt 0:00:10]} g6 {[%emt 0:01:26]} 20. Nb3 {[%emt 0:02:15]} Bc6 {[%emt 0:04:36]} 21. Qd4 {[%emt 0:03:47]} Rxh1 {[%emt 0:03:41]} 22. Rxh1 {[%emt 0:00:27]} b5 {[%emt 0:02:24]} 23. Rh7 {[%emt 0:03:02]} Bf8 {[%emt 0:00:49]} 24. e5 {[%emt 0:08:48]} dxe5 {[%emt 0:02:01]} 25. fxe5 {[%emt 0:01:19]} Bg7 {[%emt 0:00:53]} 26. Nc5 {[%emt 0:01:59]} Bb7 {[%emt 0:02:03]} 27. Nd7+ {[%emt 0:02:28]} Kc8 {[%emt 0:00:39]} 28. Nf6 {[%emt 0:02:49]} Bxf6 {[%emt 0:04:04]} 29. gxf6 {[%emt 0:01:05]} Qd7 {[%emt 0:01:49]} 30. Qxd7+ {[%emt 0:00:54]} Kxd7 {[%emt 0:00:06]} 31. Rxf7+ {[%emt 0:00:09]} Kc6 {[%emt 0:00:21]} 32. Re7 {[%emt 0:01:42]} Nc7 {[%emt 0:00:26]} 33. Rg7 {[%emt 0:01:18]} Rh8 {[%emt 0:00:30]} 34. Rxg6 {[%emt 0:01:39]} Nd5 {[%emt 0:01:06]} 35. Bh6 {[%emt 0:08:52]} Nxc3+ {[%emt 0:02:10]} 36. bxc3 {[%emt 0:00:19]} Kd7 {[%emt 0:00:59]} 37. Rg7+ {[%emt 0:00:48]} Ke8 {[%emt 0:01:30]} 38. Re7+ {[%emt 0:00:40]} Kd8 {[%emt 0:00:17]} 39. Bg7 {[%emt 0:00:17]} Rh1+ {[%emt 0:01:00]} 40. Kb2 {[%emt 0:00:02]} Bc8 {[%emt 0:00:29]} 41. f7 {[%emt 0:00:38]} Rf1 {[%emt 0:01:17]} 42. Bf6 {[%emt 0:00:21]} 1-0

[Event "SVK Amateur-ch 2020"]
[Site "Topolcany"]
[Date "2020.07.13"]
[Round "7.8"]
[White "Varga, Marcell"]
[Black "Garban, Mario"]
[Result "0-1"]
[WhiteElo "2150"]
[BlackElo "2031"]
[Annotator "TA"]
[PlyCount "116"]
[EventDate "2020.07.10"]
[EventType "swiss"]
[EventCountry "SVK"]
[SourceTitle "playchess.com"]
[Source "ChessBase"]
[SourceQuality "1"]

{[%evp 9,116,-16,-5,-14,0,-9,-9,-23,-8,-40,-37,-85,-86,-119,-87,-179,-189,-174,-166,-183,-178,-224,-154,-243,-199,-211,-206,-200,-200,-216,-169,-147,-165,-131,-97,-163,-192,-168,-106,-149,-99,-125,-45,-126,-80,-109,0,0,0,0,0,-137,-82,-76,-88,-99,-79,-85,-91,-80,-87,-95,-4,-112,-88,-29,-57,-266,-266,-229,-247,-253,-245,-229,-134,-134,-134,-145,-137,-327,-314,-264,-282,-341,-320,-308,-302,-428,-357,-736,-741,-1231,-1182,-12831,-9342,-12837,-12836,-12838,-12839,-12838,-1769,-12841,-12841,-12844,-12844,-12846,-12846,-12849,-12848]} 1. d4 d6 2. c4 e5 3. d5 f5 4. Nc3 Nf6 5. g3 Nbd7 6. Bg2 {A41: 1 d4 d6: Tartakower System and Modern Defence.} a5 {[#]} 7. Qc2 $146 ({Predecessor:} 7. Nh3 Nc5 8. O-O g6 9. f3 Bg7 10. e4 fxe4 11. Nxe4 Ncxe4 12. fxe4 Nxe4 13. c5 {0-1 (30) Hareux,H (2242)-Degraeve,J (2546) Le Touquet 2005}) 7... Nc5 8. b3 {The position is equal.} g6 9. Nf3 Bg7 10. Nd2 e4 11. Bb2 O-O 12. f3 (12. O-O $17) 12... exf3 $19 13. Bxf3 Qe7 {Strongly threatening ...f4!} 14. O-O-O Bd7 15. a3 Rae8 16. Kb1 {[#]} (16. h3 $17) 16... f4 $1 {[%mdl 512]} 17. Ka2 (17. gxf4 Ng4) 17... Bf5 18. Qc1 Ng4 19. Rde1 Nf2 20. Rhf1 fxg3 21. hxg3 Nfe4 22. g4 (22. Bxe4 $17 Bxe4 23. Rxf8+ Rxf8 24. Ndxe4 Nxe4 25. Nxe4 Bxb2 26. Kxb2 Qxe4 27. Qc3) 22... Nxd2 23. Qxd2 Be4 (23... Bd7 $19 24. Qc2 Rf4) 24. g5 Rf5 25. Rg1 Qd8 ({Black should try} 25... Rf7 $17 26. Bxe4 Nxe4 27. Nxe4 Qxe4 28. Bxg7 Kxg7) 26. Ref1 (26. Nxe4 $15 Nxe4 27. Bxe4 (27. Qxa5 b6 $17) 27... Rxe4 28. Bxg7 (28. Qxa5 Bxb2 29. Kxb2 Rxg5 $17) 28... Kxg7 29. Qxa5) 26... Bxf3 27. Rxf3 Rxf3 (27... a4 $17 28. Nxa4 Ne4) 28. exf3 $11 Qe7 29. Rg2 Qe3 30. f4 (30. Qxe3 $1 $11 {remains equal.} Rxe3 31. Nb5) 30... Qxd2 (30... Nd3 $142 31. Qxe3 Rxe3) 31. Rxd2 $17 Bxc3 32. Bxc3 {[%mdl 4096] Endgame KRB-KRN} Ne4 33. Rd3 Nxc3+ 34. Rxc3 {KR-KR} Re2+ 35. Kb1 b6 (35... Rf2 $17) 36. Rc2 (36. Rh3 $11 {keeps the balance.}) 36... Re3 $1 37. Kb2 Rf3 38. Re2 $2 (38. b4 $1 $15) 38... Rxf4 $19 39. Kc3 Kf7 40. Rh2 Kg7 41. Re2 Rf7 (41... h5 $19 42. Re7+ Rf7) 42. b4 $17 axb4+ 43. Kxb4 h6 $1 44. gxh6+ $2 {Loses the game.} (44. Kb5 $17 {is a better defense.}) 44... Kxh6 $19 45. Rh2+ Kg5 $1 46. Rg2+ {[#]} Kf6 $1 47. Rf2+ Ke7 48. Rg2 {[#]} (48. Re2+ $142 Kd7 49. Kc3) 48... Rg7 $1 49. Kb5 $2 (49. Kc3 g5 50. Kd4) 49... g5 {Black is clearly winning.} 50. Kc6 Kf6 51. Rf2+ Ke5 52. Rd2 g4 53. c5 dxc5 54. Re2+ Kf4 (54... Kd4 $142 55. Rg2 g3) 55. d6 cxd6 56. Kxb6 g3 57. Rd2 g2 58. Rxd6 g1=Q {Accuracy: White = 35%, Black = 73%.} 0-1

[Event "SVK Amateur-ch 2020"]
[Site "Topolcany"]
[Date "2020.07.13"]
[Round "7.8"]
[White "Kukan, Michal"]
[Black "Redzisz, Michal"]
[Result "0-1"]
[WhiteElo "1769"]
[BlackElo "1972"]
[Annotator "ChessBase"]
[PlyCount "100"]
[EventDate "2020.07.10"]
[EventType "swiss"]
[EventCountry "SVK"]
[SourceTitle "playchess.com"]
[Source "ChessBase"]
[SourceQuality "1"]
[TimeControl "3600+30"]

1. Nf3 {[%emt 0:00:00]} d5 {[%emt 0:00:00]} 2. g3 {[%emt 0:00:00]} c5 {[%emt 0:00:00]} 3. Bg2 {[%emt 0:00:10]} Nc6 {[%emt 0:00:21]} 4. O-O {[%emt 0:00:19]} e5 {[%emt 0:01:08]} 5. d3 {[%emt 0:00:33]} Nf6 {[%emt 0:02:10]} 6. Re1 {[%emt 0:00:25]} Be7 {[%emt 0:00:57]} 7. Nc3 {[%emt 0:00:51]} d4 {[%emt 0:01:27]} 8. Nb5 {[%emt 0:03:02]} a6 {[%emt 0:03:31]} 9. Na3 {[%emt 0:00:17]} Be6 {[%emt 0:00:45]} 10. e3 {[%emt 0:01:25]} O-O {[%emt 0:02:38]} 11. Ng5 {[%emt 0:00:41]} dxe3 {[%emt 0:02:27]} 12. fxe3 {[%emt 0:02:51]} Bg4 {[%emt 0:01:33]} 13. Qd2 {[%emt 0:01:07]} h6 {[%emt 0:05:43]} 14. Nh3 {[%emt 0:03:17]} Qd7 {[%emt 0:03:09]} 15. Nf2 {[%emt 0:00:24]} Be6 {[%emt 0:00:03]} 16. b3 {[%emt 0:03:41]} Rad8 {[%emt 0:11:15]} 17. Bb2 {[%emt 0:01:18]} b5 {[%emt 0:02:39]} 18. Qe2 {[%emt 0:05:47]} Bd6 {[%emt 0:06:53]} 19. Rad1 {[%emt 0:00:58]} Nb4 {[%emt 0:03:20]} 20. d4 {[%emt 0:05:01]} cxd4 {[%emt 0:05:12]} 21. exd4 {[%emt 0:00:27]} exd4 {[%emt 0:01:09]} 22. Bxd4 {[%emt 0:00:39]} Nbd5 {[%emt 0:04:59]} 23. c4 {[%emt 0:01:57]} Bxa3 {[%emt 0:03:29]} 24. Bxf6 {[%emt 0:00:23]} gxf6 {[%emt 0:00:26]} 25. cxd5 {[%emt 0:00:22]} Bf5 {[%emt 0:00:12]} 26. Qf3 {[%emt 0:01:55]} Bc5 {[%emt 0:02:28]} 27. Kh1 {[%emt 0:00:41]} Rfe8 {[%emt 0:01:19]} 28. Ne4 {[%emt 0:03:52]} Bxe4 {[%emt 0:00:34]} 29. Rxe4 {[%emt 0:00:16]} Rxe4 {[%emt 0:00:06]} 30. Qxe4 {[%emt 0:00:21]} Re8 {[%emt 0:01:01]} 31. Qh4 {[%emt 0:02:03]} Qf5 {[%emt 0:02:50]} 32. Qxh6 {[%emt 0:00:47]} Qf2 {[%emt 0:00:43]} 33. Qf4 {[%emt 0:08:47]} Qxf4 {[%emt 0:01:15]} 34. gxf4 {[%emt 0:00:19]} Bd6 {[%emt 0:00:02]} 35. Kg1 {[%emt 0:02:08]} Re2 {[%emt 0:00:48]} 36. a4 {[%emt 0:00:44]} bxa4 {[%emt 0:00:25]} 37. bxa4 {[%emt 0:00:15]} Ra2 {[%emt 0:00:32]} 38. Rc1 {[%emt 0:00:55]} Bxf4 {[%emt 0:00:42]} 39. Rc8+ {[%emt 0:01:23]} Kg7 {[%emt 0:00:03]} 40. Rc4 {[%emt 0:00:41]} Be3+ {[%emt 0:00:04]} 41. Kf1 {[%emt 0:01:41]} Rf2+ {[%emt 0:00:01]} 42. Ke1 {[%emt 0:00:32]} Rxg2 {[%emt 0:00:03]} 43. d6 {[%emt 0:00:32]} Rd2 {[%emt 0:01:15]} 44. Re4 {[%emt 0:00:33]} Bh6 {[%emt 0:00:16]} 45. Rb4 {[%emt 0:01:54]} Rxd6 {[%emt 0:00:10]} 46. Ke2 {[%emt 0:00:33]} Rd2+ {[%emt 0:00:18]} 47. Kf3 {[%emt 0:00:12]} Rxh2 {[%emt 0:00:14]} 48. Rb6 {[%emt 0:00:15]} a5 {[%emt 0:00:14]} 49. Rb5 {[%emt 0:00:08]} Bd2 {[%emt 0:01:01]} 50. Rb2 {[%emt 0:00:23]} Rh3+ {[%emt 0:00:36]} 0-1

[Event "SVK Amateur-ch 2020"]
[Site "Topolcany"]
[Date "2020.07.13"]
[Round "7.9"]
[White "Lach, Piotr"]
[Black "Bochnicka, Vladimir"]
[Result "0-1"]
[WhiteElo "2086"]
[BlackElo "2123"]
[Annotator "RC"]
[PlyCount "92"]
[EventDate "2020.07.10"]
[EventType "swiss"]
[EventCountry "SVK"]
[SourceTitle "playchess.com"]
[Source "ChessBase"]
[SourceQuality "1"]
[TimeControl "3600+30"]

1. e4 {[%emt 0:00:00]} c5 {[%emt 0:00:00]} 2. Nf3 {[%emt 0:00:00]} Nc6 {[%emt 0:00:00]} 3. Bb5 {[%emt 0:00:00]} Nf6 {[%emt 0:00:00]} 4. Nc3 {[%emt 0:00:00]} g6 {[%emt 0:00:00]} 5. e5 {[%emt 0:01:04]} Ng4 {[%emt 0:00:00]} 6. Bxc6 {[%emt 0:00:11]} dxc6 {[%emt 0:00:06]} 7. h3 {[%emt 0:00:19]} Nh6 {[%emt 0:00:08]} 8. g4 {[%emt 0:00:30]} Bg7 {[%emt 0:00:19]} 9. d3 {[%emt 0:02:28]} O-O {[%emt 0:00:09]} 10. Be3 {[%emt 0:04:07]} f6 {[%emt 0:03:36]} 11. exf6 {[%emt 0:13:44]} exf6 {[%emt 0:00:56]} 12. Bxc5 {[%emt 0:00:31]} Re8+ {[%emt 0:00:06]} 13. Kf1 {[%emt 0:00:30]} f5 {[%emt 0:02:19]} 14. g5 {[%emt 0:01:50]} Nf7 {[%emt 0:00:44]} 15. Be3 {[%emt 0:05:14]} b6 {[%emt 0:02:00]} 16. Bf4 {[%emt 0:06:57]} Bb7 {[%emt 0:01:57]} 17. h4 {[%emt 0:01:04]} c5 {[%emt 0:02:56]} 18. Rh3 {[%emt 0:01:08]} Qd7 {[%emt 0:02:13]} 19. a4 {[%emt 0:07:16]} Qc6 {[%emt 0:21:01]} 20. Qd2 {[%emt 0:01:12]} c4 {[%emt 0:01:39]} 21. d4 {[%emt 0:01:40]} Rad8 {[%emt 0:00:53]} 22. d5 {[%emt 0:01:47]} Bxc3 {[%emt 0:05:49]} 23. Qxc3 {[%emt 0:00:02]} Qxd5 {[%emt 0:00:30]} 24. h5 {[%emt 0:01:57]} gxh5 {[%emt 0:01:56]} 25. Re1 {[%emt 0:10:08]} Re6 {[%emt 0:07:29]} 26. Rxe6 {[%emt 0:00:47]} Qxe6 {[%emt 0:00:02]} 27. Qe3 {[%emt 0:03:41]} Qxe3 {[%emt 0:02:04]} 28. Bxe3 {[%emt 0:00:11]} Be4 {[%emt 0:02:23]} 29. a5 {[%emt 0:01:23]} bxa5 {[%emt 0:00:28]} 30. Bxa7 {[%emt 0:00:33]} Bxc2 {[%emt 0:01:26]} 31. Bb6 {[%emt 0:03:29]} Rd5 {[%emt 0:01:04]} 32. Nd4 {[%emt 0:00:37]} Bd3+ {[%emt 0:00:52]} 33. Ke1 {[%emt 0:00:05]} Nxg5 {[%emt 0:01:36]} 34. Rxh5 {[%emt 0:00:09]} f4 {[%emt 0:00:10]} 35. Rh6 {[%emt 0:01:11]} Rxd4 {[%emt 0:01:06]} 36. Bxd4 {[%emt 0:00:01]} Nf3+ {[%emt 0:00:08]} 37. Kd1 {[%emt 0:00:06]} Nxd4 {[%emt 0:00:03]} 38. Rf6 {[%emt 0:00:32]} Nf5 {[%emt 0:01:45]} 39. Ra6 {[%emt 0:00:14]} h5 {[%emt 0:00:38]} 40. Rxa5 {[%emt 0:00:20]} h4 {[%emt 0:00:12]} 41. Ra8+ {[%emt 0:01:13]} Kg7 {[%emt 0:00:08]} 42. f3 {[%emt 0:00:35]} h3 {[%emt 0:00:16]} 43. Ra7+ {[%emt 0:00:13]} Kg6 {[%emt 0:00:06]} 44. Kd2 {[%emt 0:00:44]} h2 {[%emt 0:00:08]} 45. Ra1 {[%emt 0:00:11]} Ng3 {[%emt 0:00:16]} 46. b4 {[%emt 0:00:06]} Nf1+ {[%emt 0:00:13]} 0-1